The International geographic encyclopedia and atlas / (Record no. 3160)

000 -LEADER
fixed length control field 00786pam a2200253 i 4500
001 - CONTROL NUMBER
control field 2279944
003 - CONTROL NUMBER IDENTIFIER
control field OSt
005 - DATE AND TIME OF LATEST TRANSACTION
control field 20160906122909.0
008 - FIXED-LENGTH DATA ELEMENTS--GENERAL INFORMATION
fixed length control field 790621s1979 maub d 001 0 eng
010 ## - LIBRARY OF CONGRESS CONTROL NUMBER
LC control number 79002721
020 ## - INTERNATIONAL STANDARD BOOK NUMBER
International Standard Book Number 0395271703 :
Terms of availability $24.95
040 ## - CATALOGING SOURCE
Original cataloging agency DLC
Transcribing agency DLC
Modifying agency DLC
050 00 - LIBRARY OF CONGRESS CALL NUMBER
Classification number G105.I57 1979
082 00 - DEWEY DECIMAL CLASSIFICATION NUMBER
Classification number 910/.3
110 ## - MAIN ENTRY--CORPORATE NAME
Corporate name or jurisdiction name as entry element Houghton Mifflin Company.
245 04 - TITLE STATEMENT
Title The International geographic encyclopedia and atlas /
Statement of responsibility, etc [by the editorial staff of Houghton Mifflin Company].
260 ## - PUBLICATION, DISTRIBUTION, ETC. (IMPRINT)
Place of publication, distribution, etc Boston :
Name of publisher, distributor, etc Houghton Mifflin,
Date of publication, distribution, etc c1979.
300 ## - PHYSICAL DESCRIPTION
Extent xvi, 890, 115 p. :
Other physical details maps ;
Dimensions 28 cm.
504 ## - BIBLIOGRAPHY, ETC. NOTE
Bibliography, etc Includes index.
650 #0 - SUBJECT ADDED ENTRY--TOPICAL TERM
Topical term or geographic name as entry element Geography
General subdivision Dictionaries.
710 2# - ADDED ENTRY--CORPORATE NAME
Corporate name or jurisdiction name as entry element Houghton Mifflin Company.
906 ## - LOCAL DATA ELEMENT F, LDF (RLIN)
a 7
b cbc
c orignew
d 1
e ocip
f 19
g y-gencatlg
942 ## - ADDED ENTRY ELEMENTS (KOHA)
Source of classification or shelving scheme
Koha item type Book
Holdings
Withdrawn status Lost status Source of classification or shelving scheme Damaged status Not for loan Home library Current library Shelving location Date acquired Total Checkouts Full call number Barcode Date last seen Copy number Price effective from Koha item type
          Riara University Library Riara University Library General stack 06/09/2016   G105.I57 1979 7653/16 06/09/2016 C.1 06/09/2016 Book

Riara University Library,
P.O. Box 49940-00100,
Nairobi, Kenya.